Statistiques concernant Punchlines rap fr

Cliquez ici pour prendre le quiz!

Statistiques générales

  • Ce quiz a été pris 122 fois
  • Le résultat moyen est 4 sur 20

Statistiques - réponses

HintRéponse% Correct
Sors ta beuh, ta plaquette
J'suis dans l'game en claquettes
Dans l'carré VIP en survêt'
Viens pas me prendre la tête
Jul
67%
T'abuse de ma gentillesse
J'abuse de ta sœur ou ta nièce
On pratique pas la thaïlandaise
On t'rafle ta grand-mère au M16
Brulux
55%
Traqué mais pas domestiqué
Ma vocation te braquer et t'voir me l'astiquer
J'te mets en location t'es maquée, j'vais devoir te niquer
T'es en rotation, t'es claqué, faudra m'expliquer
Kaaris
39%
Dis-moi, dois-je baiser une femme italienne pour être ravi au lit, hein?
Mon Dieu, dis-moi si j'vais toucher voir les violets
Dis-moi si j'vais faire des gosses à une meuf bien
Ou une pute à qui il reste du sperme sur les vres-lè, dis-moi
SDM
35%
Il est minuit, j'fais les comptes, et je rends la sacoche
Toujours pas, les menottes, donc demain rebelote
Il est minuit, j'fais les comptes, et je rends la sacoche
Toujours pas, les menottes, donc demain rebelote
Soso maness
27%
Hey, j'pète la Belvedere et j'en verse un peu, c'est pour les morts
J'roulais sans permis, les condés m'ont chassés mais ces cons s'sont plantés dans l'décor
C'est partout la même merde
Du Nord au Sud, c'est les mêmes 'blèmes, ouh
PLK
25%
J'sais pas dire adieu, j'sais pas dire "je t'aime"
Le démon sorti, j'me retiens plus : courez !
Les regrets me tuent, les souvenirs me prennent
Dans la nuit j'appelle mon père quand j'suis bourré
Sofiane
21%
Dieu merci, j'avais d'l'espoir (ouh)
Viens au Rougemont, si tu veux m'voir (gang)
J'vais tout graille dans la sique-mu
Et m'barrer sans dire "au revoir"
Kalash criminel
18%
Peut-être que rien ne va pour toi car tu crois qu'j'suis chanceux
Bordel, reprends ta vie en main, va ranger ta chambre
Seul-tout sur ton chemin, pensif, t'as la voix qui tremble
Té-ma ta vie flinguée, imagine celle d'après dans l'feu
Vald
16%
Han, j'ai 50 raisons d'te faire la gueule, yeah
Allez fais pas la gueush yeah, envoie plus jamais de cœurs yeah
T'façon, j'ai bloqué ton tel' et j'compte pas faire la trêve
Pour être sincère, y'aura plus jamais d'après, yeah
Laylow
15%
Ton sourire, ça vaut de l'or, donc je creuse encore
J'ai tellement mal mais je fais comme si je ne voyais rien
Attiré par les biens matériels de ce monde
Je rentre dans la banque pour rafler tous tes gains
Ninho
15%
J'm'en branle des dessins de Plantu, c'que j'veux, c'est des seins et un plan cul
J'suis venu reprendre mon du, je t'encule, me parle pas de rancune
J'veux l'oseille de Bruno Beausir et celui des plus beaux grossistes
Suce-moi et pruneaux grossissent
Alkpote
11%
On m'dit souvent que j'ai l'air feuj,
Croiser la police me rend nerveux
J'ai vu leurs collègues sur le net,
Ils n'hésitaient pas à faire feu
Caballero
7%
Et j'reviens dans le me-ga bande de fils de putes
Arrête de rapper, viens m'lécher la flûte
Je suis pas comme eux négro, j'baisse pas mon fute
Si les condés t'interrogent, oui, mets-toi sur mute
Gradur
6%
S'faire péta à six du mat', quel sort cruel
T'es bg mais t'es détruit quand tu sors du hèbs
Bracelet électronique pour t'localiser
Dis-leur qu'on est des rebeus pas des tortues d'mer
Limsa d’aulnay
6%
Un faux chéquier dans le seroual
Tous les jours c'est Noël
J'veux plus de maille que l'OM
Ou que Michael Owen
Seth Gueko
6%
J’redouterais pas le jour où j’vais partir
J’veux pas finir sous un banc ou quillé dans un parking
Mais tu sais que la roue tourne, pour nous c’est la routine
Un aller sans retour, sors le 47 à Poutine
Ghetto phénomène
4%
Et puis tu peux d'mander à mes potes
Moi j'ai jamais chié dans mon froc
Madame la juge sur le terrain
J'bicravais pas moi j'faisais du troc
Guizmo
3%
J'dois pas flancher, il continue de mentir, mauvais acteur
J'fracasse son crâne sur le plancher pour qu'à la fin il ferme sa gueule
Fin du cauchemar, au final c'est moi qui l'ai baisé
Moment de plénitude interrompu par l'bruit d'un coup de bélier
Hugo TSR
2%
Ils tuent en masse, ils font chier pour une tentative (d'homicide)
Ils ferment les yeux sur c'qui s'passe en Afrique (génocides)
Dealer prend plus que curé pédophile (fils de pute)
J'suis pas Charlie encore moins djihadiste
Tovaritch
2%

Distribution des résultats

Percentile par nombre de réponses

% des personnes avec chaque résultat

Votre développement - résultats

Vous n’avez pas pris ce quiz